Average residential property prices in Scotland (Record no. 105370)

MARC details
000 -LEADER
fixed length control field 00943cam a2200205 4500
001 - CONTROL NUMBER
control field ##L133257
008 - FIXED-LENGTH DATA ELEMENTS--GENERAL INFORMATION
fixed length control field 060424n2006 000 0 eng u
035 ## - SYSTEM CONTROL NUMBER
System control number (Sirsi) u133257
041 0# - LANGUAGE CODE
Language code of text/sound track or separate title eng
050 04 - LIBRARY OF CONGRESS CALL NUMBER
Classification number 333.33 $2 18
110 1# - MAIN ENTRY--CORPORATE NAME
Corporate name or jurisdiction name as entry element Scotland
Subordinate unit Registers of Scotland
9 (RLIN) 4919
245 00 - TITLE STATEMENT
Title Average residential property prices in Scotland
260 ## - PUBLICATION, DISTRIBUTION, ETC.
Place of publication, distribution, etc. Edinburgh
Name of publisher, distributor, etc. Registers of Scotland
Date of publication, distribution, etc. 2006
490 #0 - SERIES STATEMENT
Series statement Registers of Scotland News Release
520 ## - SUMMARY, ETC.
Summary, etc. Provides on a quarterly basis average residential property prices in Scotland both nationally and across the seven regions. Also includes related house price inflation data.
650 24 - SUBJECT ADDED ENTRY--TOPICAL TERM
Topical term or geographic name entry element REGISTERS OF SCOTLAND: AVERAGE RESIDENTIAL PROPERTY PRICES IN SCOTLAND
690 ## - LOCAL SUBJECT ADDED ENTRY--TOPICAL TERM (OCLC, RLIN)
Topical term or geographic name as entry element PROPERTY-RESIDENTIAL PROPERTY-RESIDENTIAL PROPERTY MARKET
856 40 - ELECTRONIC LOCATION AND ACCESS
Uniform Resource Identifier <a href="https://www.ros.gov.uk/productsandservices/lpd_press.html">https://www.ros.gov.uk/productsandservices/lpd_press.html</a>
Public note View the quarterly report free of charge at www.ros.gov.uk...
942 ## - ADDED ENTRY ELEMENTS (KOHA)
Suppress in OPAC 0
Holdings
Withdrawn status Lost status Source of classification or shelving scheme Damaged status Not for loan Home library Current library Shelving location Date acquired Total Checkouts Full call number Barcode Date last seen Copy number Price effective from Koha item type
    Dewey Decimal Classification     Virtual Virtual Online 24/04/2006   ONLINE PUBLICATION 133257-2001 06/08/2019 1 06/08/2019 Book